000
00344nam a2200133Ia 4500
008
100328s9999 xx 000 0 und d
082
_b
39644
100
_a
गस्ती भीमराव
245
_a
आक्रोश
260
_b
राजहंस
630
_a
आक्रोश
730
_a
आक्रोश
942
_c
BOOK
999
_c
528545
_d
528542